Stranger Things Trivia #M - Statistics

General Stats
  • This quiz has been taken 38 times
  • The average score is 10 of 15
Answer Stats
Hint Answer % Correct
Lets Eleven live in his basement, befriends and dates her Mike Wheeler
100%
Skateboard and Walkman owning character Max Mayfield
96%
Her nickname at the Arcade Madmax
85%
Joyce notices that around her these stop working, believing the lab is to blame Magnets
81%
Major villain Mind Flayer
77%
Who is Larry Kline? Mayor
73%
Ex-investigative journalist, able to translate russian Murray Bauman
73%
Actor of Dustin Henderson (surname) Gaten Matarazzo
65%
Actor of Lucas Sinclair (surname) Caleb McLaughlin
62%
What song does Eddie perform on his guitar in the Upside Down? Master of Puppets
62%
Elevens role in the party Mage
58%
Lucas mockingly gets called this by bullies Midnight
46%
What can reach parts of the brain that words cant? Music
42%
Dustin wants Eleven to make this toy fly Millenium Falcon
27%
Nickname given to an intersection near the lab Mirkwood
23%
No matching quizzes found
Score Distribution
Percent of People with Each Score
Percentile by Number Answered
Your Score History
You have not taken this quiz